TNA Wrestling PPV Main Events - 2017-2020 - Statistics

General Stats
  • This quiz has been taken 37 times
  • The average score is 14 of 20
Answer Stats
PPV Answer % Correct
Slammiversary 2017 Bobby Lashley
93%
Slammiversary 2019, Hard to Kill 2020 Tessa Blanchard
89%
Homecoming 2019, Bound for Glory 2019 Brian Cage
86%
Slammiversary 2020, Bound for Glory 2020 Eric Young
86%
Slammiversary 2019, Bound for Glory 2019, Hard to Kill 2020 Sami Callihan
86%
Redemption 2018, Slammiversary 2018, Bound for Glory 2018 Austin Aries
82%
Bound for Glory 2017 Eli Drake
82%
Bound for Glory 2017, Bound for Glory 2018, Homecoming 2019 Johnny Impact
82%
Slammiversary 2018 Moose
82%
Slammiversary 2017 Alberto El Patrón
79%
Slammiversary 2020 Eddie Edwards
79%
Slammiversary 2020, Bound for Glory 2020 Rich Swann
75%
Redemption 2018, United We Stand 2019, Rebellion 2019 Pentagón Jr.
64%
Redemption 2018, United We Stand 2019, Rebellion 2019 Fénix
61%
Rebellion 2019 Ortiz
50%
Rebellion 2019 Santana
50%
Slammiversary 2020 Ace Austin
43%
Slammiversary 2020 Trey Miguel
39%
United We Stand 2019 Rob Van Dam
29%
United We Stand 2019 Sabu
25%
No matching quizzes found
Score Distribution
Percent of People with Each Score
Percentile by Number Answered
Your Score History
You have not taken this quiz